The Gallup survey on teenage suicide. (Record no. 14763)

000 -LEADER
fixed length control field 00682nam a2200205 a 4500
001 - CONTROL NUMBER
control field :::00012597$&:&@@
003 - CONTROL NUMBER IDENTIFIER
control field OkBaRHE
005 - DATE AND TIME OF LATEST TRANSACTION
control field 20100402122202.0
008 - FIXED-LENGTH DATA ELEMENTS--GENERAL INFORMATION
fixed length control field s1991 j 000 0 eng u
040 ## - CATALOGING SOURCE
Transcribing agency
100 1# - MAIN ENTRY--PERSONAL NAME
Personal name The George H. Gallup International Institute.
245 14 - TITLE STATEMENT
Title The Gallup survey on teenage suicide.
260 ## - PUBLICATION, DISTRIBUTION, ETC. (IMPRINT)
Place of publication, distribution, etc Princeton, NJ.,
Name of publisher, distributor, etc The George H. Gallup International Institute
Date of publication, distribution, etc 1991
300 ## - PHYSICAL DESCRIPTION
Extent 181 p. ;
Dimensions 28 cm.
650 ## - SUBJECT ADDED ENTRY--TOPICAL TERM
Topical term or geographic name as entry element Suicide
General subdivision Teenage
650 ## - SUBJECT ADDED ENTRY--TOPICAL TERM
Topical term or geographic name as entry element Youth
General subdivision Conduct of Life
650 ## - SUBJECT ADDED ENTRY--TOPICAL TERM
Topical term or geographic name as entry element Youth
General subdivision Gallup Poll
942 ## - ADDED ENTRY ELEMENTS (KOHA)
Source of classification or shelving scheme
Koha item type Books
Copies
Full call number Barcode Permanent Location Koha item type Date last seen Damaged status Lost status Copy number Not for loan Price effective from Date acquired Withdrawn status Source of classification or shelving scheme Shelving location
HQ 796 .G3 199112597RHEMA Bible Training CollegeBooks2010-04-14  1 2010-04-142010-04-14  General Stacks